Conflict Resolution and Gandhian Ethics (Record no. 15280)

MARC details
000 -LEADER
fixed length control field 00618nam a2200241 a 4500
020 ## - INTERNATIONAL STANDARD BOOK NUMBER
ISBN 8185411
082 00 - DEWEY DECIMAL CLASSIFICATION NUMBER
Classification number 303.69
Author Cutter WEB
100 ## - MAIN ENTRY--AUTHOR NAME
Author name Weber, Thomas
245 ## - TITLE STATEMENT
Title Conflict Resolution and Gandhian Ethics
260 ## - PUBLICATION, DISTRIBUTION, ETC. (IMPRINT)
Place of publication New Delhi
Name of publisher Peace Publishers
Year of publication 1991
300 ## - PHYSICAL DESCRIPTION
Number of Pages 180p
500 ## - GENERAL NOTE
General note includes index and biblioraphy
505 2# - FORMATTED CONTENTS NOTE
Formatted contents note Index, Quranic Verses
650 ## - SUBJECT ADDED ENTRY--TOPICAL TERM
Topical Term Conflict Resolution
942 ## - ADDED ENTRY ELEMENTS (KOHA)
Koha item type Books
700 1# -
-- Weber, Thomas
Holdings
Collection code Home library Current library Date acquired Cost, normal purchase price Full call number Accession Number Koha item type
  Henry Martyn Institute Library Henry Martyn Institute Library 11/27/2013 230.00 303.69 WEB 020543 Books
                   Copyright © 2026 | Henry Martyn Institute | Hyderabad | TS-500052 | INDIA | Implemented by hmi.edu.in
Hit-Count:

Powered by Koha